I Wojna Światowa - Statystyki

Ogólne statystyki
  • Ten quiz został rozwiązany 564 razy
  • Średni wynik to 8 z 27
Answers on the Grid
Answers color-coded by a green-red scale on the quiz's grid according to % correct below.
Argentyna
Peru
Arabia Saudyjska
Chorwacja
Słowenia
Albania
Ukraina
Persja
Norwegia
Dania
Królestwo Hidżazu
Południowa Afryka
Republika Rosyjska
Grecja
Czechy
Imperium Rosyjskie
Prusy
Cesarstwo Niemieckie
Hiszpania
Szwajcaria
Meksyk
USA
Bułgaria
Francja
Wielka Brytania
Holandia
Belgia
Austro-Węgry
Słowacja
Bułgaria
Włochy
Imperium Osmańskie
Polska
Portugalia
Serbia
Rumunia
Chiny
Japonia
Australia
Nowa Zelandia
Syjam
Kanada
Indie Brytyjskie
Czarnogóra
 
Statystyki odpowiedzi
Odpowiedź % Poprawnych
Imperium Rosyjskie
46%
USA
45%
Wielka Brytania
45%
Austro-Węgry
44%
Francja
44%
Imperium Osmańskie
44%
Cesarstwo Niemieckie
41%
Włochy
39%
Serbia
38%
Japonia
37%
Rumunia
34%
Bułgaria
31%
Belgia
30%
Bułgaria
30%
Indie Brytyjskie
27%
Grecja
26%
Australia
24%
Czarnogóra
24%
Republika Rosyjska
24%
Portugalia
23%
Kanada
20%
Nowa Zelandia
19%
Południowa Afryka
18%
Królestwo Hidżazu
15%
Chiny
10%
Hiszpania
6%
Syjam
4%
Nie znaleziono quizów pasujących do podanych kryteriów
Rozkład punktacji
Procent ludzi z każdym wynikiem
Percentyl według liczby udzielonych odpowiedzi
Twoja historia wyników
Nie rozwiązałeś tego quizu